|
|
|
|
| LEADER |
01273nab a2200361 i 4500 |
| 001 |
publ9157 |
| 005 |
20241120122859.0 |
| 008 |
170508s2013 hu o 000 eng d |
| 022 |
|
|
|a 0007-1188
|
| 024 |
7 |
|
|a 10.1111/bph.12228
|2 doi
|
| 024 |
7 |
|
|a 32861049
|2 mtmt
|
| 040 |
|
|
|a SZTE Publicatio Repozitórium
|b hun
|
| 041 |
|
|
|a eng
|
| 100 |
1 |
|
|a Jost Norbert László
|
| 245 |
1 |
0 |
|a ORM-10103, a novel specific inhibitor of the sodium/calcium exchanger, decreases early and delayed afterdepolarization in the canine heart
|h [elektronikus dokumentum] /
|c Jost Norbert László
|
| 260 |
|
|
|a John Wiley & Sons
|c 2013
|
| 300 |
|
|
|a 768-778
|
| 490 |
0 |
|
|a British Journal of Pharmacology
|v 170 No. 4
|
| 700 |
0 |
1 |
|a Nagy Norbert
|e aut
|
| 700 |
0 |
1 |
|a Corici Claudia
|e aut
|
| 700 |
0 |
1 |
|a Kohajda Zsófia
|e aut
|
| 700 |
0 |
1 |
|a Horváth András
|e aut
|
| 700 |
0 |
1 |
|a Acsai Károly
|e aut
|
| 700 |
0 |
1 |
|a Biliczki Péter
|e aut
|
| 700 |
0 |
1 |
|a Levijoki Jouko
|e aut
|
| 700 |
0 |
1 |
|a Pollesello Piero
|e aut
|
| 700 |
0 |
1 |
|a Koskelainen Tuula
|e aut
|
| 700 |
0 |
1 |
|a Otsomaa Leena
|e aut
|
| 700 |
0 |
1 |
|a Tóth András
|e aut
|
| 700 |
0 |
1 |
|a Papp Gyula
|e aut
|
| 700 |
0 |
1 |
|a Varró András
|e aut
|
| 700 |
0 |
1 |
|a Virág László
|e aut
|
| 856 |
4 |
0 |
|u http://publicatio.bibl.u-szeged.hu/9157/1/Jost%20et%20al-BJP.pdf
|z Dokumentum-elérés
|